Psicopedagogía : temario de oposiciones al cuerpo de profesores de enseñanza secundaria /

Colección de manuales para la preparación de pruebas de oposición para profesores de educación media básica en España en el área de psicopedagogía; todos ellos están formulados como libros de texto para preparación del concurso por una plaza como profesor, pero también sirven como libros de consulta...

Descripció completa

Guardat en:
Dades bibliogràfiques
Autor principal: Rubio Prado, Rosa (autor)
Altres autors: Barrio Verón, Emilio Antonio (autor) (autor)
Format: Llibre
Idioma:espanyol
Publicat: Sevilla, España : Mad, 2005, c2005
Col·lecció:(Profesores de Enseñanza Secundaria. Temario para la Preparación de Oposiciones)
Matèries:
Etiquetes: Afegir etiqueta
Sense etiquetes, Sigues el primer a etiquetar aquest registre!

MARC

LEADER 00000nam^a2200000^a^4500
001 000269973
005 20250521000000.0
009 20260310110941.926
020 |a 84-8311-659-6 
037 |a Acervo ITESO - Biblioteca 
041 |a ESP 
082 |a 370. 150946  |b PSI TEM V. 2 
100 |a Rubio Prado, Rosa  |e (autor) 
240 1 1 |a [Psicopedagogía: temario de oposiciones al cuerpo de profesores de enseñanza secundaria] 
245 1 0 |a Psicopedagogía :  |b temario de oposiciones al cuerpo de profesores de enseñanza secundaria /  |c R. Rubio Prado, E.A. Barrio Verón. 
264 4 |a Sevilla, España :  |b Mad,  |c 2005, c2005 
300 |a 709 p. 
336 |a texto  |b txt  |2 rdacontenido 
337 |a sin mediación  |b n  |2 rdamedio 
338 |a volumen  |b nc  |2 rdasoporte 
440 1 |a (Profesores de Enseñanza Secundaria.  |p Temario para la Preparación de Oposiciones) 
520 |a Colección de manuales para la preparación de pruebas de oposición para profesores de educación media básica en España en el área de psicopedagogía; todos ellos están formulados como libros de texto para preparación del concurso por una plaza como profesor, pero también sirven como libros de consulta general. La obra se estructura así: 1. Plan de orientación y acción tutorial: plan de actuación del Departamento de Orientación; 2. Oposiciones al cuerpo de profesores de enseñanza secundaria: volumen práctico; 3-5. Temario de oposiciones al cuerpo de profesores de enseñanza secundaria (3 v.). 
649 |a XX 
650 |a Alumnos Discapacitados 
650 |a Psicología Educativa -  |x Estudio y Enseñanza -  |x Tema Principal 
650 |a Libros de Texto 
650 |a Apoyos Didácticos 
650 |a Aptitud Profesional 
650 |a Formación y Capacitación de Profesores -  |x Tema Principal 
650 |a Formación y Capacitación Laboral 
650 |a Selección de Profesores 
650 |a Interacción Social 
650 |a Interacción en la Educación 
650 |a Habilidades Sociales 
650 |a Dinámica de Grupos 
650 |a Estrategias de Aprendizaje 
650 |a Problemas de Aprendizaje 
650 |a Evaluación Educativa 
650 |a Innovación Educativa 
650 |a Intervención Social 
650 |a Práctica Educativa 
650 |a Tutoría 
650 |a Orientación Vocacional 
650 |a Orientación Escolar 
650 |a Proceso Educativo 
650 |a Investigación Educativa 
650 |a Educación Primaria 
650 |a Educación Especial 
650 |a Educación Media -  |z España 
700 |a Barrio Verón, Emilio Antonio  |e (autor) 
910 |a Fondo General 
920 |a Impresos - Libros 
930 |a Colección General 
905 |a 101 
901 |a 0500155187  |b IT1  |c ACC  |u 20250521 
901 |a 0500155184  |b IT1  |c ACC  |u 20250521 
902 |a https://opac.biblio.iteso.mx/vufind/Record/000269973